[Event "Litomysl"]
[Site "?"]
[Date "2018.01.29"]
[Round "2.24"]
[White "Janous, Marek"]
[Black "Fizer, Marek"]
[Result "1-0"]
[WhiteElo "1560"]
[BlackElo "1501"]
[PlyCount "139"]
[EventDate "2018.??.??"]

1. e4 c5 2. Nf3 d6 3. d4 cxd4 4. Nxd4 Nf6 5. Nc3 a6 6. Be3 e5 7. Nf3 Be6 8. Bd3
Nbd7 9. h3 Rc8 10. O-O Be7 11. Re1 O-O 12. a3 Nc5 13. Ng5 h6 14. Nxe6 Nxe6 15.
Be2 Rxc3 16. bxc3 Nxe4 17. Qd3 N6c5 18. Bxc5 Nxc5 19. Qd5 Qc7 20. Rab1 b5 21.
c4 Na4 22. Qd3 bxc4 23. Qxc4 Qxc4 24. Bxc4 Rc8 25. Bd3 Nc5 26. Bf5 Rc7 27. Rb8+
Bf8 28. Reb1 g6 29. Rc8 Rxc8 30. Bxc8 f5 31. Kf1 Kf7 32. Rb6 a5 33. Ba6 Ke6 34.
Bc4+ Kd7 35. Rb8 Be7 36. Ra8 Bd8 37. Ra7+ Bc7 38. Bb5+ Kc8 39. Bc6 Ne6 40. Ra8+
Bb8 41. Rxa5 Kc7 42. Bd5 Nc5 43. Rb5 Ba7 44. a4 g5 45. a5 e4 46. Ke2 f4 47. Rb4
e3 48. fxe3 fxe3 49. h4 Kd7 50. hxg5 hxg5 51. Rg4 Ke7 52. Rxg5 Kf6 53. Rg4 Ke5
54. Bb3 Ne4 55. Rg7 Bc5 56. Re7+ Kd4 57. a6 Nc3+ 58. Ke1 Bb4 59. a7 Nd5+ 60.
Ke2 Nc3+ 61. Kf1 Ne4 62. Rxe4+ Kxe4 63. a8=Q+ Kd4 64. Qd5+ Kc3 65. Qc4+ Kb2 66.
Qxb4 Kc1 67. Ke1 d5 68. Qa3+ Kb1 69. Qa2+ Kc1 70. Qa1# 1-0

[Event "Litomysl"]
[Site "?"]
[Date "2018.01.29"]
[Round "2.25"]
[White "Hladky, Tadeas"]
[Black "Dolensky, Filip"]
[Result "1/2-1/2"]
[WhiteElo "1627"]
[BlackElo "1561"]
[PlyCount "110"]
[EventDate "2018.??.??"]

1. e4 c5 2. c3 g6 3. d4 cxd4 4. cxd4 d5 5. e5 Nc6 6. Nc3 Bg7 7. Be3 Nh6 8. Bd3
Nf5 9. Bxf5 Bxf5 10. Qb3 Qd7 11. Nf3 Rd8 12. O-O Na5 13. Qb5 Nc4 14. Qxd7+ Rxd7
15. b3 Nxe3 16. fxe3 O-O 17. Nh4 Be6 18. Rac1 Bh6 19. Nd1 Bg4 20. Rc3 Rdd8 21.
h3 Bxd1 22. Rxd1 Rc8 23. Rdd3 e6 24. Nf3 b5 25. b4 Rfd8 26. Rc5 a6 27. Rdc3 Ra8
28. Kf2 Bf8 29. Rc7 Bxb4 30. Rb3 Ba5 31. Rc6 Rdc8 32. Rxc8+ Rxc8 33. Ra3 Rc2+
34. Kg3 Bd8 35. Rxa6 Kg7 36. Ra8 Be7 37. Ra7 Bd8 38. Ra8 Bc7 39. Ra3 h6 40. Rb3
Rxa2 41. Rxb5 Re2 42. Rb3 Bd8 43. Ng1 Re1 44. Nf3 Rc1 45. Rb2 g5 46. Re2 Rb1
47. Kf2 Kg6 48. g4 h5 49. Kg3 Rb3 50. Kf2 Bb6 51. Kg3 Ba5 52. Kg2 Bb4 53. Kf2
Ba3 54. Ne1 Rb8 55. Kg3 h4+ 1/2-1/2

[Event "Litomysl"]
[Site "?"]
[Date "2018.01.29"]
[Round "2.26"]
[White "Mohapl, Tomas"]
[Black "Werner, Hong Quan Dan"]
[Result "0-1"]
[WhiteElo "1446"]
[BlackElo "1504"]
[PlyCount "88"]
[EventDate "2018.??.??"]

1. e4 e5 2. Nf3 Nc6 3. c3 Nf6 4. d4 exd4 5. e5 Nd5 6. cxd4 Be7 7. Bc4 Nb6 8.
Bb3 d5 9. exd6 Bxd6 10. Be3 O-O 11. O-O Bg4 12. h3 Bh5 13. Qe2 Re8 14. Rd1 Qf6
15. d5 Ne5 16. Nbd2 Bb4 17. Ne4 Nxf3+ 18. Qxf3 Qxf3 19. gxf3 Bxf3 20. Ng5 Bxd1
21. Rxd1 h6 22. Nf3 Rad8 23. Bxb6 axb6 24. Rc1 Bc5 25. Bc4 c6 26. dxc6 bxc6 27.
a3 Bd6 28. b4 c5 29. Bb5 Re7 30. bxc5 Bxc5 31. a4 Re6 32. Kg2 Rg6+ 33. Kf1 Rf6
34. Kg2 Rdd6 35. Rc2 Rd1 36. Ne5 h5 37. h4 Bd4 38. Rc8+ Kh7 39. Nf3 Bc5 40. Bc6
g6 41. Be4 Kg7 42. Bb7 Rf4 43. a5 Rg4+ 44. Kh2 Bd6+ 0-1

[Event "Litomysl"]
[Site "?"]
[Date "2018.01.29"]
[Round "2.27"]
[White "Nguyen, Thai Dang Vi"]
[Black "Winter, Ondrej"]
[Result "1/2-1/2"]
[WhiteElo "1292"]
[BlackElo "1483"]
[PlyCount "164"]
[EventDate "2018.??.??"]

1. e4 c5 2. Ne2 d6 3. g3 Nc6 4. Bg2 g6 5. c3 Bg7 6. d4 cxd4 7. cxd4 Bg4 8. f3
Bd7 9. O-O Rc8 10. Be3 Nf6 11. Nd2 O-O 12. d5 Nb4 13. Qb3 Nc2 14. Rac1 Nxe3 15.
Qxe3 Qa5 16. a3 Bb5 17. Rfe1 Rxc1 18. Rxc1 Bxe2 19. Qxe2 Qb6+ 20. Qf2 Qxb2 21.
Rb1 Qxa3 22. Rxb7 a5 23. Ra7 a4 24. Nc4 Qa1+ 25. Bf1 Nxe4 26. Rxa4 Nxf2 27.
Rxa1 Bxa1 28. Kxf2 Rc8 29. Ke3 Rc5 30. Nb6 Kf8 31. Nd7+ Ke8 32. Nxc5 dxc5 33.
Bc4 Kd7 34. Kd3 Kd6 35. f4 Bd4 36. Ke2 Kc7 37. g4 Kb6 38. h3 Ka5 39. f5 Kb4 40.
Kd3 gxf5 41. gxf5 f6 42. Ba6 Kb3 43. Bc4+ Kb2 44. Kd2 Bc3+ 45. Kd3 Be5 46. Bb5
Ka3 47. Bc4 Kb4 48. Ba6 Ka5 49. Bc4 Kb6 50. Ke4 Kc7 51. Kd3 Kd8 52. Ke4 Ke8 53.
Kf3 Kf8 54. Kg4 Kg7 55. Kh5 h6 56. Bb3 Bb2 57. Bc4 Bc1 58. Kg4 Kf8 59. h4 Ke8
60. h5 Kd7 61. Kf3 Kc7 62. Ke4 Kb6 63. Kd3 Ka5 64. Bb3 Kb4 65. Bc4 Bg5 66. Ba6
Kb3 67. Bb5 Kb2 68. Ba4 Bf4 69. Bb5 Kc1 70. Ba4 Be5 71. Bb3 Bd6 72. Ba4 Bc7 73.
Bb3 Be5 74. Ba4 c4+ 75. Kxc4 Kd2 76. Be8 Ke3 77. Bg6 Ke4 78. Bh7 Bd6 79. Bg6
Be5 80. Bh7 Kf4 81. Bg6 Kg5 82. Kc5 Bd6+ 1/2-1/2

[Event "Litomysl"]
[Site "?"]
[Date "2018.01.29"]
[Round "2.28"]
[White "Kodet, Jaromir"]
[Black "Lang, Simon"]
[Result "1-0"]
[WhiteElo "1268"]
[BlackElo "1415"]
[PlyCount "27"]
[EventDate "2018.??.??"]

1. e4 e6 2. d4 d5 3. exd5 exd5 4. c4 Nf6 5. Nf3 Bg4 6. Be2 Nc6 7. O-O Qd7 8.
Nc3 O-O-O 9. Bg5 h6 10. cxd5 hxg5 11. dxc6 bxc6 12. Ba6+ Kb8 13. Qb3+ Ka8 14.
Qb7# 1-0

[Event "Litomysl"]
[Site "?"]
[Date "2018.01.30"]
[Round "3.1"]
[White "Eret, Matous"]
[Black "Stinka, Jakub"]
[Result "1-0"]
[WhiteElo "2177"]
[BlackElo "2050"]
[PlyCount "63"]
[EventDate "2018.??.??"]

1. e4 c5 2. Nf3 d6 3. d4 cxd4 4. Qxd4 a6 5. Bc4 Nc6 6. Qd3 e6 7. Nc3 Nf6 8. Bf4
Be7 9. O-O-O b5 10. Bb3 Bb7 11. Rhe1 Ng4 12. Qe2 Qc7 13. h3 Nge5 14. Nd5 exd5
15. exd5 Na5 16. Nxe5 Nxb3+ 17. axb3 dxe5 18. Bxe5 Qa5 19. Kb1 O-O 20. Bxg7
Kxg7 21. Qxe7 Rae8 22. Qxe8 Rxe8 23. Rxe8 Bxd5 24. Rxd5 Qc7 25. Re3 Qc6 26. Rf5
f6 27. Rg3+ Kh8 28. Rff3 a5 29. Rc3 Qd7 30. Rcd3 Qc7 31. Rd4 h6 32. Rdg4 1-0

[Event "Litomysl"]
[Site "?"]
[Date "2018.01.30"]
[Round "3.2"]
[White "Mladek, Richard"]
[Black "Petr, Jakub"]
[Result "1-0"]
[WhiteElo "2091"]
[BlackElo "2122"]
[PlyCount "71"]
[EventDate "2018.??.??"]

1. e4 g6 2. d4 Bg7 3. Nc3 d6 4. Be3 a6 5. Qd2 b5 6. h4 h5 7. O-O-O Bb7 8. f3
Nd7 9. Kb1 Rc8 10. Nh3 c5 11. Ng5 Qa5 12. f4 b4 13. Ne2 Ngf6 14. e5 Nd5 15. e6
N7f6 16. exf7+ Kf8 17. f5 gxf5 18. dxc5 dxc5 19. Bf4 Ne4 20. Nxe4 fxe4 21. Rh3
c4 22. Nd4 c3 23. Qf2 Bxd4 24. Qxd4 Nf6 25. Bc4 Rxc4 26. Qxc4 Bd5 27. Rxd5 Qxd5
28. Qc8+ Kxf7 29. Qxh8 e3 30. Bxe3 Qxg2 31. Qc8 Ng4 32. Qf5+ Kg7 33. Bd4+ e5
34. Bxe5+ Kh6 35. Qg5+ Kh7 36. Qg7# 1-0

[Event "Litomysl"]
[Site "?"]
[Date "2018.01.30"]
[Round "3.3"]
[White "Nehyba, Martin"]
[Black "Svanda, Ondrej"]
[Result "0-1"]
[WhiteElo "2003"]
[BlackElo "2071"]
[PlyCount "120"]
[EventDate "2018.??.??"]

1. e4 c5 2. c3 g6 3. d4 cxd4 4. cxd4 d5 5. exd5 Nf6 6. Nc3 Nxd5 7. Bc4 Nb6 8.
Bb3 Bg7 9. Nge2 O-O 10. O-O N8d7 11. Be3 Nf6 12. d5 Bd7 13. Ng3 Rc8 14. Qd3 a6
15. Rfe1 Re8 16. Rac1 h5 17. Bg5 Nh7 18. Be3 h4 19. Nge4 Bf5 20. f3 Nf6 21. Bd4
Nbd7 22. Qe3 Qa5 23. Qf2 Bxe4 24. Nxe4 Nxd5 25. Bxg7 Rxc1 26. Rxc1 Kxg7 27. Nc5
N5f6 28. Nxb7 Qb5 29. Nc5 Nxc5 30. Qxc5 Qe2 31. Qc4 Qe3+ 32. Kf1 e6 33. Re1 Qd2
34. Re2 Qd6 35. Qxh4 Rh8 36. Qg3 Qc5 37. Qe5 Qc1+ 38. Re1 Qd2 39. Re2 Qc1+ 40.
Re1 Qd2 41. h3 Rh5 42. Qc3 Qf4 43. Rd1 Qh2 44. Rd7 Rg5 45. Rd2 Qh1+ 46. Ke2
Qxg2+ 47. Ke3 Qxh3 48. Kd3 Qxf3+ 49. Kc2 Qe4+ 50. Kc1 Rg1+ 51. Bd1 Rg5 52. Bb3
Qe5 53. Qxe5 Rxe5 54. Bc4 a5 55. a3 Ne4 56. Re2 f5 57. b4 axb4 58. axb4 Kf6 59.
Kc2 Nd6 60. Rxe5 Kxe5 0-1

[Event "Litomysl"]
[Site "?"]
[Date "2018.01.30"]
[Round "3.4"]
[White "Bulockin, Martin"]
[Black "Sykora, Marek"]
[Result "1/2-1/2"]
[WhiteElo "2120"]
[BlackElo "1847"]
[PlyCount "66"]
[EventDate "2018.??.??"]

1. e4 e5 2. Nc3 Nf6 3. f4 d5 4. fxe5 Nxe4 5. Nf3 Bc5 6. Qe2 Nxc3 7. dxc3 O-O 8.
Bf4 Bf5 9. O-O-O c6 10. Nd4 Be4 11. Qg4 Bxd4 12. cxd4 Qd7 13. Qg3 Na6 14. Bd3
Bxd3 15. Rxd3 Nc7 16. Qh4 f5 17. exf6 Rxf6 18. Rh3 h6 19. Qg3 Ne6 20. Be5 Rf5
21. Qd3 Nf4 22. Bxf4 Rxf4 23. Re1 Raf8 24. Rhe3 Qf5 25. Qxf5 R4xf5 26. R1e2 Rf2
27. Kd2 Rxe2+ 28. Rxe2 Rf7 29. Kd3 Kf8 30. c4 Rf5 31. c5 Kf7 32. Kc3 Rf1 33.
Rd2 Rc1+ 1/2-1/2

[Event "Litomysl"]
[Site "?"]
[Date "2018.01.30"]
[Round "3.5"]
[White "Broz, Petr"]
[Black "Sprenar, Petr"]
[Result "1-0"]
[WhiteElo "1754"]
[BlackElo "2106"]
[PlyCount "61"]
[EventDate "2018.??.??"]

1. e4 c5 2. Nf3 d6 3. d4 cxd4 4. Nxd4 Nf6 5. Nc3 a6 6. Bc4 e6 7. Bb3 b5 8. O-O
Be7 9. Qf3 Qb6 10. Be3 Qb7 11. Qg3 Bd7 12. a3 O-O 13. Bh6 Ne8 14. Rad1 Nc6 15.
Nf3 a5 16. Ne2 Bf6 17. Nf4 Kh8 18. Bg5 Bxb2 19. Qh4 Ne5 20. Be7 Nxf3+ 21. gxf3
Rg8 22. Kh1 Bf6 23. Bxf6 Nxf6 24. Rg1 Bc6 25. Rg3 h6 26. Rdg1 Bxe4 27. fxe4
Nxe4 28. R3g2 a4 29. f3 Nc5 30. Bd5 Qb8 31. Rxg7 1-0

[Event "Litomysl"]
[Site "?"]
[Date "2018.01.30"]
[Round "3.6"]
[White "Szotkowski, David"]
[Black "Kures, Michael"]
[Result "0-1"]
[WhiteElo "1913"]
[BlackElo "1986"]
[PlyCount "94"]
[EventDate "2018.??.??"]

1. d4 d5 2. c4 c6 3. Nf3 Nf6 4. e3 a6 5. Nc3 b5 6. b3 Bg4 7. Be2 Nbd7 8. O-O e6
9. Bb2 Bd6 10. h3 Bh5 11. Rc1 O-O 12. Ne5 Bxe2 13. Nxe2 Rc8 14. Rc2 Bb8 15.
cxd5 Nxe5 16. dxe5 Nxd5 17. e4 Ne7 18. Ba3 Qc7 19. Bd6 Qb7 20. Qc1 Rfd8 21. Rd1
h6 22. Nf4 Rd7 23. Qe3 Rcd8 24. Rcd2 Ba7 25. Qg3 c5 26. Qf3 Nc6 27. Qg3 Ne7 28.
Nh5 Ng6 29. Nf4 Qxe4 30. Nxg6 Qxg6 31. Qc3 Qe4 32. Rd3 Qc6 33. Rg3 Bb8 34. Re1
c4 35. bxc4 Qxc4 36. Qe3 Bxd6 37. exd6 Kh8 38. Rg4 Qd5 39. Rd4 Qg5 40. Qd3 Qf5
41. Qg3 Qf6 42. Red1 e5 43. Rd5 Rxd6 44. Rxd6 Rxd6 45. Rc1 Qf4 46. Rc8+ Kh7 47.
Qc3 Rd1+ 0-1

[Event "Litomysl"]
[Site "?"]
[Date "2018.01.30"]
[Round "3.7"]
[White "Skalsky, Alexandr"]
[Black "Polansky, Adam Lubos"]
[Result "1-0"]
[WhiteElo "2029"]
[BlackElo "1864"]
[PlyCount "69"]
[EventDate "2018.??.??"]

1. e4 c6 2. d4 d5 3. e5 Bf5 4. Nf3 e6 5. Be2 c5 6. Be3 cxd4 7. Nxd4 Ne7 8. Nd2
Nbc6 9. N2f3 Be4 10. O-O Nf5 11. Nxf5 Bxf5 12. c4 dxc4 13. Bxc4 Qxd1 14. Rfxd1
Be7 15. Bb5 Be4 16. Rac1 a6 17. Bxc6+ Bxc6 18. Nd4 Bd5 19. Nf5 g6 20. Nxe7 Kxe7
21. Rc7+ Kf8 22. Bh6+ Ke8 23. Rdc1 Bc6 24. b4 Rb8 25. a4 Rg8 26. Bg5 Bd7 27. b5
axb5 28. axb5 h6 29. Bf6 g5 30. b6 Bc6 31. R1xc6 bxc6 32. b7 c5 33. Re7+ Kf8
34. Rd7 Ke8 35. Rd8+ 1-0

[Event "Litomysl"]
[Site "?"]
[Date "2018.01.30"]
[Round "3.8"]
[White "Jun, Rudolf"]
[Black "Vojta, Jakub"]
[Result "0-1"]
[WhiteElo "1947"]
[BlackElo "2087"]
[PlyCount "76"]
[EventDate "2018.??.??"]

1. e4 c5 2. c4 e6 3. Nf3 a6 4. d4 cxd4 5. Nxd4 Qc7 6. Be3 Nf6 7. f3 Be7 8. Nc3
d6 9. Be2 O-O 10. O-O b6 11. Rc1 Bb7 12. a3 Nbd7 13. b4 Rac8 14. Kh1 Rfe8 15.
Qd2 Qb8 16. Nb3 Bd8 17. Rfd1 Bc7 18. Bg1 d5 19. exd5 Bf4 20. Be3 Bxe3 21. Qxe3
exd5 22. Qd4 dxc4 23. Bxc4 Qe5 24. Ne2 Rxc4 25. Qxc4 Bd5 26. Rxd5 Nxd5 27. Nbd4
Qg5 28. Rg1 N7f6 29. Ng3 Qf4 30. a4 g6 31. Rb1 Re3 32. Qc8+ Kg7 33. Nge2 Qe5
34. f4 Qe4 35. Rf1 Rxe2 36. Nxe2 Qxe2 37. Rc1 Nxf4 38. Qc3 Qxg2# 0-1

[Event "Litomysl"]
[Site "?"]
[Date "2018.01.30"]
[Round "3.9"]
[White "Gnojek, Petr"]
[Black "Keprt, Tomas"]
[Result "1-0"]
[WhiteElo "2018"]
[BlackElo "1900"]
[PlyCount "131"]
[EventDate "2018.??.??"]

1. d4 d5 2. Nf3 Nf6 3. c4 c6 4. Nc3 e6 5. Bg5 Be7 6. e3 Nbd7 7. Bd3 dxc4 8.
Bxc4 Nb6 9. Bd3 Bd7 10. O-O O-O 11. Ne5 Nfd5 12. Bxe7 Qxe7 13. Ne4 f6 14. Nf3
Rac8 15. Nc5 Be8 16. Nd2 Bf7 17. a4 Qc7 18. Nde4 Nd7 19. Qb3 Nxc5 20. dxc5 b6
21. Qa3 Rcd8 22. Rfd1 bxc5 23. Nxc5 Qb6 24. Rac1 Rfe8 25. Ne4 Nb4 26. Bc4 Rxd1+
27. Rxd1 Nd5 28. Nd6 Rd8 29. a5 Qc7 30. Nxf7 Kxf7 31. g3 Ne7 32. Rxd8 Qxd8 33.
Qc5 Qc7 34. b4 Qd7 35. Kg2 Qb7 36. e4 Qd7 37. f4 g6 38. h4 Qd2+ 39. Kf3 Qd1+
40. Be2 Qb3+ 41. Kf2 Qb2 42. Qxa7 Qxb4 43. Qb6 c5 44. Qxb4 cxb4 45. Ke3 Nc6 46.
a6 Ke7 47. Bb5 Kd6 48. Kd3 Na7 49. Be8 Kc5 50. g4 b3 51. Kc3 Kb6 52. Kxb3 Kxa6
53. Kc4 Kb6 54. Bf7 f5 55. exf5 exf5 56. g5 Kc6 57. Bg8 Nc8 58. Bxh7 Ne7 59. h5
gxh5 60. g6 h4 61. g7 h3 62. g8=Q Nxg8 63. Bxg8 h2 64. Bd5+ Kd6 65. Kd4 Ke7 66.
Ke5 1-0

[Event "Litomysl"]
[Site "?"]
[Date "2018.01.30"]
[Round "3.10"]
[White "Nguyen, Thai Dai Vinh"]
[Black "Kusa, Jakub"]
[Result "1-0"]
[WhiteElo "1869"]
[BlackElo "1825"]
[PlyCount "49"]
[EventDate "2018.??.??"]

1. e4 e5 2. Nf3 Nc6 3. d4 exd4 4. Nxd4 Nf6 5. Nxc6 bxc6 6. e5 Nd5 7. c4 Nb6 8.
Bd3 Bb4+ 9. Bd2 Qe7 10. O-O Ba6 11. Bxb4 Qxb4 12. b3 Bb7 13. Be4 O-O-O 14. Nd2
Rhe8 15. f4 d5 16. Bf5+ Kb8 17. Qc2 dxc4 18. Nxc4 Nxc4 19. bxc4 Rd2 20. Qb3 c5
21. Bh3 Qxb3 22. axb3 Red8 23. f5 Re2 24. e6 Rdd2 25. Rfe1 1-0

[Event "Litomysl"]
[Site "?"]
[Date "2018.01.30"]
[Round "3.11"]
[White "Jares, Michal"]
[Black "Rokos, Filip"]
[Result "1-0"]
[WhiteElo "1802"]
[BlackElo "1843"]
[PlyCount "73"]
[EventDate "2018.??.??"]

1. d4 e6 2. Nf3 Nf6 3. g3 d5 4. Bg2 b5 5. O-O Bb7 6. Ne5 Nbd7 7. b3 c5 8. Ba3
b4 9. Bb2 Be7 10. Nd2 Nxe5 11. dxe5 Nd7 12. e4 Nb6 13. Qg4 g6 14. exd5 Bxd5 15.
Bxd5 Nxd5 16. Ne4 Qc7 17. Nd6+ Kf8 18. Rad1 Rg8 19. Ne4 Rd8 20. Rd3 c4 21. Rf3
Ke8 22. bxc4 h5 23. Nd6+ Bxd6 24. exd6 hxg4 25. dxc7 Nxc7 26. Rf4 f5 27. Rd4
Ke7 28. Rfd1 a5 29. Rxd8 Rxd8 30. Bf6+ Kxf6 31. Rxd8 Ke7 32. Rg8 Kd6 33. Rxg6
Kc5 34. Rg7 Na6 35. Re7 Kxc4 36. Rxe6 Kc3 37. Rxa6 1-0

[Event "Litomysl"]
[Site "?"]
[Date "2018.01.30"]
[Round "3.12"]
[White "Babula, Vlastimil"]
[Black "Stastny, Jakub"]
[Result "1/2-1/2"]
[WhiteElo "1836"]
[BlackElo "1752"]
[PlyCount "97"]
[EventDate "2018.??.??"]

1. e4 c5 2. Nf3 Nc6 3. d4 cxd4 4. Nxd4 g6 5. Nc3 Bg7 6. Be3 Nf6 7. Bc4 O-O 8.
Bb3 d6 9. h3 Bd7 10. O-O a6 11. Re1 Rc8 12. Nd5 Na5 13. Bg5 Nxb3 14. axb3 e5
15. Bxf6 Bxf6 16. Nxf6+ Qxf6 17. Ne2 Bc6 18. Nc3 Qe6 19. Re3 f5 20. f3 fxe4 21.
fxe4 Rf4 22. Qd2 Rcf8 23. Rd1 Qf6 24. Qd3 Rf2 25. Ne2 Rf1+ 26. Kh2 Rxd1 27.
Qxd1 Qf1 28. Qxd6 Rf2 29. Qe6+ Kf8 30. Qg4 h5 31. Rf3+ Kg7 32. Rxf2 Qxf2 33.
Qf3 Qh4 34. Ng3 Qd8 35. Qc3 Qf6 36. Qf3 Qd6 37. c4 Qd2 38. Qc3 Qf4 39. Qf3 Qd2
40. Qc3 Qxc3 41. bxc3 h4 42. Nf1 Bxe4 43. Ne3 Kf6 44. g3 g5 45. g4 Bf3 46. Kg1
e4 47. Kf2 Ke5 48. b4 Kf4 49. c5 1/2-1/2

[Event "Litomysl"]
[Site "?"]
[Date "2018.01.30"]
[Round "3.13"]
[White "Flajsman, Petr"]
[Black "Hofman, Krystof"]
[Result "1/2-1/2"]
[WhiteElo "1667"]
[BlackElo "1765"]
[PlyCount "65"]
[EventDate "2018.??.??"]

1. Nf3 Nf6 2. g3 g6 3. Bg2 Bg7 4. O-O O-O 5. d3 d6 6. c4 e5 7. Nc3 Nc6 8. Bd2
Ne8 9. Rc1 f5 10. a3 a5 11. Qb3 Nf6 12. c5+ Kh8 13. cxd6 cxd6 14. Nb5 Qe7 15.
Ne1 Be6 16. Qd1 Rfc8 17. e4 d5 18. Bg5 d4 19. f4 h6 20. fxe5 Nxe5 21. Bxf6 Bxf6
22. Rxc8+ Rxc8 23. Nxd4 Qc5 24. Nec2 Nc6 25. exf5 Bxf5 26. Rxf5 Bxd4+ 27. Nxd4
Qxd4+ 28. Rf2 Rf8 29. Qd2 Kh7 30. Bxc6 bxc6 31. Kf1 Rxf2+ 32. Qxf2 Qxd3+ 33.
Kg2 1/2-1/2

[Event "Litomysl"]
[Site "?"]
[Date "2018.01.30"]
[Round "3.14"]
[White "Kolar, Jan"]
[Black "Hak, David"]
[Result "1/2-1/2"]
[WhiteElo "1694"]
[BlackElo "1889"]
[PlyCount "112"]
[EventDate "2018.??.??"]

1. e4 c5 2. Nf3 e6 3. d4 cxd4 4. Nxd4 a6 5. Nc3 Nc6 6. Be3 Qc7 7. Be2 Nf6 8. a3
Be7 9. O-O O-O 10. f4 d6 11. Nb3 b5 12. Qe1 Bb7 13. Bf3 Rac8 14. Qg3 Kh8 15.
Rae1 b4 16. Na4 Nd7 17. Qf2 Bf6 18. Nb6 Nxb6 19. Bxb6 Qb8 20. axb4 Nxb4 21. e5
dxe5 22. fxe5 Be7 23. Bd1 Bd5 24. Bc5 Bxc5 25. Nxc5 Qa7 26. Ne4 Qxf2+ 27. Rxf2
Bxe4 28. Rxe4 Nd5 29. c3 Kg8 30. Be2 Rc6 31. Rf1 Rb8 32. c4 Nc7 33. Ref4 Rf8
34. b4 a5 35. bxa5 Rc5 36. Rd4 Rxe5 37. Bg4 Rxa5 38. Rd7 Rc5 39. Be2 e5 40. Rb1
Ne6 41. Rbb7 Ra5 42. Re7 Ra2 43. Bf3 Rc2 44. Bd5 Nd8 45. Rbd7 Re2 46. Kf1 Rc2
47. Rxe5 Ne6 48. Kg1 Re8 49. Rf5 Rc1+ 50. Kf2 Rc2+ 51. Kg3 Rc3+ 52. Kg4 f6 53.
Rf2 Re3 54. Rd6 Kf7 55. c5 Kg6 56. Rxe6 R8xe6 1/2-1/2

[Event "Litomysl"]
[Site "?"]
[Date "2018.01.30"]
[Round "3.15"]
[White "Richterova, Julie"]
[Black "Nemcova, Karin"]
[Result "0-1"]
[WhiteElo "1908"]
[BlackElo "2068"]
[PlyCount "62"]
[EventDate "2018.??.??"]

1. d4 d5 2. c4 e6 3. Nf3 Nf6 4. g3 dxc4 5. Bg2 Bd7 6. Ne5 Bc6 7. Nxc6 Nxc6 8.
Qa4 Qd7 9. e3 Nd5 10. Qxc4 O-O-O 11. O-O h5 12. Nc3 h4 13. h3 f5 14. a3 g5 15.
e4 Nb6 16. Qd3 g4 17. exf5 exf5 18. gxh4 Nxd4 19. Qd1 gxh3 20. Bxh3 Rxh4 21.
Bg2 Qh7 22. Bg5 Rg4 23. Bxd8 Qh3 24. Qxg4 Qxg4 25. f4 Bc5 26. Rf2 Nf3+ 27. Kf1
Nh2+ 28. Ke1 Qg3 29. Nd1 Bxf2+ 30. Nxf2 Qe3+ 31. Kd1 Qxf2 0-1

[Event "Litomysl"]
[Site "?"]
[Date "2018.01.30"]
[Round "3.16"]
[White "Vilimova, Julie"]
[Black "Gresova, Zuzana"]
[Result "1-0"]
[WhiteElo "1708"]
[BlackElo "1860"]
[PlyCount "119"]
[EventDate "2018.??.??"]

1. d4 d5 2. c4 c6 3. cxd5 cxd5 4. Nc3 Nf6 5. Bf4 e6 6. e3 a6 7. Bd3 Be7 8. Nf3
Nbd7 9. h3 O-O 10. O-O b5 11. Ne5 Bb7 12. Rc1 Rc8 13. Qe2 Qb6 14. Bg5 Rfd8 15.
f4 h6 16. Bh4 Nf8 17. Kh2 Qd6 18. Bxf6 Bxf6 19. Qf3 b4 20. Na4 Bxe5 21. fxe5
Qe7 22. Nc5 Bc6 23. Rc2 a5 24. Rcf2 Rc7 25. Qh5 Be8 26. Rf3 f5 27. exf6 Bxh5
28. fxe7 Rxe7 29. g4 Bf7 30. h4 Nd7 31. Nb7 Ra8 32. Nd6 Rf8 33. g5 hxg5 34.
hxg5 Bh5 35. Rxf8+ Nxf8 36. Kg3 e5 37. Nf5 Re6 38. Kh4 Bg6 39. e4 Bxf5 40. exf5
Re8 41. Bb5 Rb8 42. Bc6 Rd8 43. dxe5 g6 44. e6 gxf5 45. Rxf5 Ng6+ 46. Kg4 Ne7
47. Bd7 d4 48. Rf7 Ng6 49. e7 Ne5+ 50. Kf5 Nxf7 51. exd8=Q+ Nxd8 52. Ke4 Kf7
53. Kxd4 Kg6 54. Kc5 Kxg5 55. Kb5 Nb7 56. Kc6 Nd8+ 57. Kb6 Kf4 58. Kxa5 b3 59.
a4 Nb7+ 60. Kb4 1-0

[Event "Litomysl"]
[Site "?"]
[Date "2018.01.30"]
[Round "3.17"]
[White "Gregurkova, Nikola"]
[Black "Semova, Lada"]
[Result "1-0"]
[WhiteElo "1625"]
[BlackElo "1357"]
[PlyCount "61"]
[EventDate "2018.??.??"]

1. e4 e5 2. Nf3 Nc6 3. Bb5 d6 4. d4 exd4 5. Nxd4 Bd7 6. Nc3 Nf6 7. O-O g6 8.
Re1 Bg7 9. Bxc6 bxc6 10. e5 Ng8 11. exd6+ Kf8 12. Bf4 Bh6 13. dxc7 Qf6 14. Be5
Qg5 15. Bxh8 Bh3 16. Qf3 Bd7 17. Be5 Ne7 18. Bf6 Qd2 19. Bxe7+ Kg8 20. Rad1 Qf4
21. Qxf4 Bxf4 22. Bd8 Rc8 23. Re7 Bxc7 24. Bxc7 Rxc7 25. Nf3 Rb7 26. Rexd7 Rxb2
27. Rxa7 Rxc2 28. Ne4 c5 29. Nfg5 c4 30. Rxf7 Rxa2 31. Rd8# 1-0

[Event "Litomysl"]
[Site "?"]
[Date "2018.01.30"]
[Round "3.18"]
[White "Lorencova, Michaela"]
[Black "Pejrimovska, Viola Ruby"]
[Result "1-0"]
[WhiteElo "1439"]
[BlackElo "1504"]
[PlyCount "57"]
[EventDate "2018.??.??"]

1. e4 c5 2. Nf3 e6 3. d4 cxd4 4. Nxd4 a6 5. Bd3 b5 6. O-O Bb7 7. Bd2 d6 8. Qe2
Be7 9. Kh1 Nf6 10. f4 O-O 11. Nc3 Nc6 12. Nxc6 Bxc6 13. Rae1 Qc7 14. e5 dxe5
15. fxe5 Nd5 16. Qg4 Qb7 17. Bh6 g6 18. Bxf8 Rxf8 19. Nxd5 Bxd5 20. Be4 Bxe4
21. Qxe4 Qc7 22. Rd1 Rc8 23. c3 Qb6 24. Qf4 Rf8 25. Rf3 Rc8 26. Qxf7+ Kh8 27.
Qxe7 Qc7 28. Rf8+ Rxf8 29. Qxf8# 1-0

[Event "Litomysl"]
[Site "?"]
[Date "2018.01.30"]
[Round "3.19"]
[White "Maresova, Michaela"]
[Black "Voriskova, Anna"]
[Result "0-1"]
[WhiteElo "1186"]
[BlackElo "1446"]
[PlyCount "120"]
[EventDate "2018.??.??"]

1. e4 e5 2. d4 exd4 3. Nf3 d6 4. Nxd4 Nf6 5. Nc3 Be7 6. Bf4 Nbd7 7. Bc4 Ne5 8.
Bxe5 dxe5 9. Nf3 Bd6 10. h3 b6 11. O-O O-O 12. Re1 Bb7 13. Nd5 Re8 14. Nxf6+
Qxf6 15. Bd5 c6 16. Bb3 Rad8 17. Qe2 Rd7 18. Rad1 Red8 19. Rd2 b5 20. Red1 a6
21. Qe3 c5 22. a3 c4 23. Ba2 Qg6 24. b3 cxb3 25. cxb3 Bxe4 26. Qg5 f6 27. Qxg6
Bxg6 28. b4+ Kf8 29. Rc1 Ke7 30. Rc6 Ra7 31. Kf1 a5 32. Rb6 axb4 33. Rxb5 bxa3
34. Ke2 Rc7 35. Ne1 Bc5 36. Rxd8 Kxd8 37. Rb8+ Ke7 38. f3 Bf7 39. Bxf7 Kxf7 40.
Ra8 Ra7 41. Rxa7+ Bxa7 42. Nc2 Bc5 43. Kd3 a2 44. Ke4 Bd4 45. g3 a1=Q 46. Nxa1
Bxa1 47. f4 g6 48. g4 h5 49. gxh5 gxh5 50. h4 exf4 51. Kxf4 Be5+ 52. Kf3 f5 53.
Kg2 Kf6 54. Kf3 Bc7 55. Kg2 f4 56. Kf3 Kf5 57. Kg2 Kg4 58. Kh2 f3+ 59. Kg1 Kg3
60. Kh1 Bd6 0-1

[Event "Litomysl"]
[Site "?"]
[Date "2018.01.30"]
[Round "3.20"]
[White "Huskova, Agata"]
[Black "Trasakova, Adela"]
[Result "0-1"]
[WhiteElo "1408"]
[BlackElo "1462"]
[PlyCount "214"]
[EventDate "2018.??.??"]

1. e4 c6 2. d4 d5 3. exd5 cxd5 4. Bd3 Nc6 5. c3 Nf6 6. Nf3 Bg4 7. Bf4 e6 8.
Nbd2 Bd6 9. Bg5 Bh5 10. Qc2 Bg6 11. Bxg6 hxg6 12. Qd3 Qc7 13. h3 O-O 14. O-O b5
15. a3 Rab8 16. Rfe1 a5 17. Rab1 b4 18. axb4 axb4 19. Qe3 Rfc8 20. Rec1 bxc3
21. bxc3 Rxb1 22. Rxb1 Ne7 23. Bxf6 gxf6 24. Rc1 Bf4 25. Qd3 Nc6 26. c4 Nb4 27.
Qa3 Qb6 28. cxd5 Rxc1+ 29. Qxc1 Nxd5 30. g3 Bh6 31. Qc2 Bg7 32. Nb3 Ne7 33. g4
f5 34. Kg2 fxg4 35. hxg4 Nc6 36. Qd3 Nb4 37. Qc4 Nd5 38. Kg3 Qd6+ 39. Kh3 Nf4+
40. Kg3 Nh5+ 41. Kg2 Nf6 42. g5 Ne4 43. Qc1 Qd5 44. Qe3 Nd6 45. Qd3 Nf5 46. Qc3
Nh4+ 47. Kg3 Nxf3 48. Qxf3 Qxg5+ 49. Kh3 Qb5 50. Kg2 Qc4 51. Qe3 Qd5+ 52. Kg3
Bf6 53. Kh2 Qh5+ 54. Kg2 Qg4+ 55. Kf1 Qh4 56. Kg2 Qg5+ 57. Kf3 Qh5+ 58. Kg2
Qg5+ 59. Kf3 Kg7 60. Ke2 Qg4+ 61. Kf1 Qf5 62. Kg2 Bg5 63. Qg3 Qf4 64. Qc3 Bh4
65. Qc2 e5 66. dxe5 Qxe5 67. Qd3 Qf4 68. Qe2 Qf6 69. Qf3 Qxf3+ 70. Kxf3 Kf6 71.
Nd4 g5 72. Ke3 Kg6 73. f3 f5 74. Ne2 Be1 75. Ng1 Ba5 76. Ke2 Kh5 77. Kf1 Kh4
78. Kg2 Bb6 79. Ne2 Ba7 80. Nc1 Kh5 81. Kh3 Kg6 82. Nd3 Kf6 83. Kg3 Bb8+ 84.
Kh3 Be5 85. Nc5 Ke7 86. Nd3 Kd6 87. Nf2 Kd5 88. Nd1 Kd4 89. Nf2 Ke3 90. Kg2 Ke2
91. Nh3 Bf6 92. Ng1+ Ke3 93. Nh3 Be7 94. Kg3 Bd6+ 95. Kg2 Bf4 96. Ng1 Kd2 97.
Kf1 Kd3 98. Kg2 Be3 99. Nh3 Ke2 100. Kg3 Kf1 101. Kh2 Bf4+ 102. Kh1 Bd2 103.
Kh2 g4 104. fxg4 fxg4 105. Ng1 Bf4+ 106. Kh1 g3 107. Nh3 g2# 0-1